Integračné procesy v Latinskej Amerike diplomová práca

Uložené v:
Podrobná bibliografia
Hlavný autor: Kramáriková, Katarína
Korporativný autor: Obchodná fakulta EU. Katedra medzinárodného obchodu
Ďalší autori: Gavaľová, Viera
Médium: Kniha
Jazyk:Slovak
Vydavateľské údaje: Bratislava 2011
Tagy: Pridať tag
Žiadne tagy, Buďte prvý, kto otaguje tento záznam!

MARC

LEADER 00000nam a2200000 4500
001 0147671
005 20240318124729.4
041 0 |a slo 
044 |a SK 
245 1 0 |a Integračné procesy v Latinskej Amerike  |b diplomová práca  |c Katarína Kramáriková ; školiteľ: Viera Gavaľová 
264 1 |a Bratislava  |c 2011 
300 |a 90 s. 
100 1 |a Kramáriková, Katarína 
700 1 |a Gavaľová, Viera 
710 2 |a Obchodná fakulta EU. Katedra medzinárodného obchodu